Analýza faktorov vplývajúcich na fenomén nezamestnanosti mladých v krajinách V4
Problematika nezamestnanosti mladých, ktorá je súčasťou rozvojovej stratégie Európskej únie a viacerých dokumentov, ktoré sa zameriavajú na rozvoj jednotlivých oblastí Európskej únie. Práve rozvoj spoločnosti je do istej miery brzdený týmto fenoménom, čo vytvára negatívne nálady na trhu práce a v s...
Saved in:
| Main Author: | |
|---|---|
| Other Authors: | , |
| Format: | Book Chapter |
| Language: | Slovak |
| Subjects: | |
| Tags: |
No Tags, Be the first to tag this record!
|
MARC
| LEADER | 00000nla a2200000 4500 | ||
|---|---|---|---|
| 001 | 0185400 | ||
| 005 | 20240502073158.0 | ||
| 041 | 0 | |a slo | |
| 044 | |a SK | ||
| 245 | 1 | 0 | |a Analýza faktorov vplývajúcich na fenomén nezamestnanosti mladých v krajinách V4 |c Marek Andrejkovič, Barbora Balážová, Stela Beslerová |
| 520 | |a Problematika nezamestnanosti mladých, ktorá je súčasťou rozvojovej stratégie Európskej únie a viacerých dokumentov, ktoré sa zameriavajú na rozvoj jednotlivých oblastí Európskej únie. Práve rozvoj spoločnosti je do istej miery brzdený týmto fenoménom, čo vytvára negatívne nálady na trhu práce a v spoločnosti ako takej. Z toho dôvodu je potrebné vhodnými opatreniami odstraňovať alebo znižovať nezamestnanosť mladých. | ||
| 610 | 2 | 0 | |a Vyšehradská štvorka |
| 610 | 2 | 0 | |a zamestnanosť |
| 610 | 2 | 0 | |a mládež |
| 610 | 2 | 0 | |a Európska únia |
| 610 | 2 | 0 | |a trh práce |
| 100 | 1 | |a Andrejkovič, Marek | |
| 700 | 1 | |a Balážová, Barbora | |
| 700 | 1 | |a Beslerová, Stela | |